Prvú rozhlasovú hru.../inc./

Bibliographic Details
Main Author: -red- (Author)
Format: Article
Language:Slovak
PhysicalDescription:Fot. 1.
Subjects:

MARC

LEADER 00000nab a2200000 a 4500
001 vtls000117254
003 SK-MaSNL
005 20260303024022.0
008 160202c1982 xo 0 slo
015 |a SNBRB19rr/mm-uuuuu 
035 |a CL0127359 
040 |a SNKBUCL  |b slo  |c SNKBUCL  |e AACR2 
041 0 |a slo 
044 |a xo  |c SK 
080 |a 82:929:885.0  |2 1981 
080 |a 885.0  |2 1981 
080 |a 929 Hanuš, Pavel  |2 1981 
080 |a 82  |2 1981 
080 |a 792.2.096  |2 1981 
100 1 |a -red-  |4 aut  |9 898898 
245 1 0 |a Prvú rozhlasovú hru.../inc./  |c -red- 
300 |b Fot. 1. 
500 |a Pod spoločným názvom Biela holubica - 1. ročník medzinárodného festivalu pôvodných rozhlasových hier. 
600 1 7 |a Hanuš, Pavel,  |d 1928-1991  |2 snkbucl  |9 7003 
650 0 7 |a rozhlasové hry  |2 snkbucl  |9 2914 
655 7 |a články z novín a časopisov  |2 snkbucl  |9 267496 
655 7 |a články z odboru literárna veda a krásna literatúra  |2 snkbucl  |9 770045 
773 0 |t Rozhlas  |g Č. 20 (1982), s. /12, 13/ 
850 |a Slovenská národná knižnica v Martine  |a MTA001 
852 |a SNK  |b KIS3GCP 
958 |a RK 
958 |a CZ 
958 |a LX 
958 |a SK 
992 |a RBX 
999 |c 1637813  |d 1639743